| 000 | 00336nam a22001337a 4500 | ||
|---|---|---|---|
| 003 | OSt | ||
| 005 | 20211010154746.0 | ||
| 008 | 211010b |||||||| |||| 00| 0 eng d | ||
| 040 | _cHU | ||
| 082 | _a368.7068 | ||
| 245 | _a Biotechnological applications in environmental management | ||
| 300 |
_a408 _bHC _c28cm |
||
| 942 |
_2ddc _cBOOKS _n0 |
||
| 999 |
_c11209 _d11209 |
||